000 00458nam a22001577a 4500
999 _c4612
_d4612
008 161121b xxu||||| |||| 00| 0 eng d
020 _a978-007-126791-5
082 _a320 SHI
100 _aSHIVELY, Phillip W.
245 _apower and choice
_bAn introduction to political
_cW Phillips Shievely
_hEnglish
250 _a12th ed
260 _aNew york
_bMc Graw Hill
_c2011
300 _a443p.
_bIli.
_c24cm
650 _2Political science
942 _2ddc
_cBOOKS